Innovationsmarketing Markterschliessung für Systeme der Bürokommuniokation und Fertigungsautomation

Saved in:
Bibliographic Details
Main Author: Strothmann, Karl-Heinz
Other Authors: Kliche, Mario
Format: Book
Language:German
Published: Wiesbaden Gabler 1989
Edition:1. Aufl. .
Subjects:
Tags: Add Tag
No Tags, Be the first to tag this record!

MARC

LEADER 00000nam a2200000 4500
001 c000170
005 20221215125345.0
020 |a 3-409-13621-5 
041 0 |a ger 
044 |a DE 
245 1 0 |a Innovationsmarketing  |b Markterschliessung für Systeme der Bürokommuniokation und Fertigungsautomation  |c Karl-Heinz Strothmann, Mario Kliche 
250 |a 1. Aufl. . 
264 1 |a Wiesbaden  |b Gabler  |c 1989 
300 |a 185 s. 
610 2 0 |a marketing 
610 2 0 |a inovácia 
610 2 0 |a systémy informačné podnikové 
610 2 0 |a CAD 
610 2 0 |a CAM 
610 2 0 |a AIP 
610 2 0 |a automaty organizačné 
610 2 0 |a technika kancelárska 
610 2 0 |a inžinierstvo organizačné 
100 1 |a Strothmann, Karl-Heinz 
700 1 |a Kliche, Mario